000 00849cam a2200229 4500
001 L158889
008 051213n2015 000 0 eng u
020 _a9781848064287
035 _a(Sirsi) u158889
041 0 _aeng
050 0 4 _a693.834 $2 18
100 1 _aTimmins, Gary
245 0 0 _aSound insulation in dwellings
_bPart 2
_bNew-build
260 _aLondon
_bBRE
_c2015
300 _a12p
_c30cm
490 0 _aBRE Good Building Guide
_vGG83-2
520 _aProvides practical guidance on understanding the requirements of national building regulations concerning the provision of sound insulation in dwellings. Part 2 explains how to provide a reasonable level of sound insulation between new dwellings.
651 4 _aUnited Kingdom
_y
690 _aBUILT ENVIRONMENT-CONSTRUCTION DESIGN-ACOUSTICS
700 1 _aWest, Ian
942 _n0
999 _c115568
_d115568